000 00900nam a2200301Ia 4500
001 3155
003 IT-RoPAU
008 130308s9999 xx 000 0 und d
040 _aIT-RoPAU
040 _cIT-RoPAU
041 _aITALIANO
100 _aGritti Jules
100 _gCodice Aut. SPICS: 5792
245 _a"Funzioni ""specifiche"" del cinema e della televisione "
245 _bComunicazione Audiovisiva (La)
250 _a1a ed.
260 _aROMA
260 _bEdizioni Paoline
260 _c1972 [1° Ed.:1972 - Ed.Ling.Originale:1966]
300 _a"26 p. (prefazione: no ; testo: 26 [pagine: 97-122])"
500 _aSei Funzioni del Linguaggio: Espressiva Conativa Poetica fatica Metalinguistica e Referenziale
650 _aTEORIA DELLA COMUNICAZIONE SOCIALE
650 _eCodice materia Spics: 3802
942 _cBK
957 _71
999 _c43508
_d43508
999 _bSI
999 _g1